Statistiken für Medias in Res Vok 14

Klicken Sie hier um das Quiz zu spielen!

Allgemein

  • Dieses Quiz wurde 485 mal gespielt
    (368 seit der letzten Aktualisierung)
  • Das Durchschnittsergebnis liegt bei 50 aus 64

Antwortstatistiken

HintÜbs / 2. Fall / GeschlechtAntwort% Korrekt
hic, haec, hocÜbsdieser, diese, dieses
99%
invitareÜbseinladen
92%
contra (+ Akk.)Übsgegen
92%
1. P.invito
90%
genusf.
89%
cenaÜbsMahlzeit, Mahl
89%
naturaÜbsNatur
89%
Gen.cenae
88%
Gen.poena
88%
genusf.
87%
Gen.arboris
86%
genusf.
86%
poenaÜbsStrafe
86%
bibereÜbstrinken
86%
arborÜbsBaum
85%
genusf.
85%
Gen.naturae
85%
Gen.prudentiae
85%
cum (Konjunktion)Übswenn, sooft, als
85%
genusÜbsArt, Geschlecht
84%
genusf.
84%
famesÜbsHunger
84%
genusn.
83%
genusf.
82%
stareÜbsstehen
81%
genusf.
80%
prudentiaÜbsKlugheit
80%
Gen.sitis
80%
facinusÜbsTat, Untat
80%
1. P.bibo
79%
sitisÜbsDurst
79%
Perfektinvitavi
79%
vis, vim, viÜbsKraft, Gewalt
79%
morsÜbsTod
79%
Gen.famis
78%
1. P.sto
78%
genusf.
77%
Gen.mortis
77%
genusn.
77%
saxumÜbsFels
76%
genusn.
76%
1. P.punio
76%
1. P.reddo
76%
punireÜbsbestrafen
74%
Perfektbibi
74%
1. P.intellego
74%
vires, virium, viribus ...ÜbsKräfte
74%
Gen.saxi
74%
improbus/a/umÜbsschlecht, böse
73%
quidam, quaedam, quoddamÜbsein (gewisser); Pl.: einige
72%
Gen.facinoris
72%
Perfektintellexi
70%
genusn.
70%
reddereÜbszurückgeben
69%
paeneÜbsfast, beinahe
67%
Gen.generis
67%
Perfektpunivi
66%
summo in monteÜbsauf der Spitze des Berges
64%
intellegereÜbserkennen, einsehen
64%
Perfektreddidi
63%
Perfektsteti
63%
Gen.sceleris
62%
scelusÜbsVerbrechen
57%
poenas solvereÜbseine Strafe verbüßen
55%

Verteilung der Resultate

Perzentil nach korrekt beantworteten Fragen

Anzahl Personen mit jedem Resultat

Ihre Resultats-Entwicklung

Sie haben dieses Quiz seit der letzten Aktualisierung nicht gespielt